000 00936nam0a22002411 4500
001 rc\3938004
005 20250610130524.0
035 _a(NLR Aleph) 007918506
090 _a8142645
_c8142645
100 _a20130415d1956 |||y0rusy50 ca
101 0 _arus
102 _aRU
105 _aa z |||||
200 1 _aДинамика грунтов
_e[Сборник статей]
_f[Науч. ред. инж. М.В. Барсов]
210 _aМосква
_cГос. изд-во лит. по стр-ву и архитектуре
_d1956
215 _a72 с.
_cил.
_d26
225 1 _aМинистерство строительства СССР. Труды Научно-исследовательского института оснований и фундаментов
_vСб. № 28
702 1 _aБарсов
_bМ.В.
_4340
801 0 _aRU
_bNLR
_gpsbo
801 1 _aRU
_bELAR
_2rusmarc
852 _aNLR
_jП10/672
942 _cBOOK
980 _aNB